000 00656nam a22001937a 4500
999 _c11637
_d11637
003 OSt
005 20200228142649.0
008 181214b ||||| |||| 00| 0 eng d
022 _a00116009
040 _c0
082 _aDPer 792.805 D19 Mar-Aug 2016 v. 90, n. 3-8
100 _aMceliece, Jessika Anspach.
_933290
245 _aA career in the corps:
_bfinding the beauty in life as one of the Wilis and peasants/
_cJessika Anspach Mceliece.
260 _aNew York:
_bDance Media,
_c©Mar-Aug 2016.
300 _av90 n8, pages 32-33.
_bcolored illustrations:
_c25 cm.
500 _aDance magazine
650 _aBallet
_xDancer.
_933291
942 _2ddc
_cPER